000 00684nam a2200217Ii 4500
003 JO-AjNU
008 230605s9999||||xx |||||||||||||| ||und||
017 _a2005/4/882
040 _aJO-AjNU
_bara
_erda
_cJO-AjNU
041 _aara
050 1 4 _aDC148.2005
100 3 _aتاليف العكيلي، صالح حسن,
_eauthor
_935296
245 0 0 _aفرنسا بين ثورتين 1789-830
250 _aط1
264 3 1 _aعمان: دار الوراق، 2005
300 _a92ص
336 _atext
_btxt
_2rdacontent
337 _aunmediated
_bn
_2rdamedia
338 _avolume
_bnc
_2rdacarrier
650 4 _aفرنسا- تاريخ فرنسا- الثورة الفرنسية
_935297
999 _aA14558
_c18126
_d18126